[Event "Bogota Parada UNCOLI 1920 1st Infantil"]
[Site "Bogota"]
[Date "2019.09.25"]
[Round "3.1"]
[White "Valencia, Santiago"]
[Black "Diaz Valenzuela, Santiago"]
[Result "1-0"]
[WhiteElo "1300"]
[BlackElo "1300"]
[PlyCount "52"]
[EventDate "2019.09.24"]
[EventType "swiss"]
[EventRounds "5"]
[EventCountry "COL"]
[SourceTitle "EXT 2024"]
[Source "ChessBase"]
[SourceDate "2023.10.10"]
[SourceVersion "1"]
[SourceVersionDate "2023.10.10"]
[SourceQuality "1"]

1. d4 d5 2. c4 Nf6 3. e3 e6 4. Nf3 Bb4+ 5. Bd2 Bxd2+ 6. Qxd2 0-0 7. Be2 Ne4 8. Qd3 a6 9. Nc3 f5 10. 0-0 Nc6 11. a3 Re8 12. Qc2 e5 13. cxd5 Nxc3 14. bxc3 Qxd5 15. c4 Qf7 16. c5 Qg6 17. Nh4 Qg5 18. Nf3 Qg6 19. Bc4+ Kh8 20. e4 Na5 21. Bd3 fxe4 22. Be2 exf3 23. Bxf3 Rf8 24. g3 b6 25. d5 Ra7 26. Rad1 Rd8 1-0